The Lord of the Rings Chapters Quiz Stats

 Plays Quiz Updated Feb 20, 2020

Support Sporcle.
Go Orange.
Score 0/62 Timer 15:00
1 Play Today
Chapter % Correct
A Long-expected Party
80.9%
The Council of Elrond
76.9%
Helm's Deep
75.7%
Lothlórien
74.2%
A Shortcut to Mushrooms
72.8%
The Breaking of the Fellowship
70.6%
Treebeard
70.4%
Strider
70.3%
Shelob's Lair
70.1%
A Knife in the Dark
69%
The Old Forest
68.6%
At the Sign of the Prancing Pony
68.3%
Many Meetings
67.8%
Mount Doom
67.8%
Minas Tirith
67%
The Ring Goes South
66.5%
Flight to the Ford
66.4%
The Bridge of Khazad-Dûm
66.3%
The Grey Havens
65.6%
The Mirror of Galadriel
65.5%
The Scouring of the Shire
64.8%
In the House of Tom Bombadil
64.1%
The Shadow of the Past
63.2%
Fog on the Barrow-downs
61.2%
The Riders of Rohan
61.1%
The Taming of Sméagol
60.4%
The Great River
60%
The Palantír
59.8%
The Battle of the Pelennor Fields
59%
Flotsam and Jetsam
58.6%
A Journey in the Dark
58.3%
Chapter % Correct
The Black Gate Opens
58.3%
Three Is Company
57.1%
The Black Gate Is Closed
56.3%
The Uruk-hai
56.3%
The King of the Golden Hall
56.2%
A Conspiracy Unmasked
55.5%
The Choices of Master Samwise
55.4%
The White Rider
55.2%
The Departure of Boromir
54.8%
Farewell to Lórien
54.8%
The Houses of Healing
54.5%
Many Partings
54.4%
The Voice of Saruman
54.1%
The Forbidden Pool
53%
Of Herbs and Stewed Rabbit
52.7%
The Ride of the Rohirrim
51.5%
The Stairs of Cirith Ungol
51.1%
The Tower of Cirith Ungol
49.6%
The Muster of Rohan
47%
The Steward and the King
46.3%
The Window on the West
46.3%
The Pyre of Denethor
46.2%
The Siege of Gondor
45.7%
The Passage of the Marshes
44.3%
The Road to Isengard
44%
The Passing of the Grey Company
43%
Journey to the Cross-roads
42.9%
The Last Debate
42.7%
Homeward Bound
42.4%
The Field of Cormallen
42.3%
The Land of Shadow
39.8%

From the Vault

Remove Ads.
Support Sporcle.
Get the best of Sporcle when you Go Orange. This ad-free experience offers more features, more stats, and more fun while also helping to support Sporcle. Thank you for becoming a member.

Show Comments

Extras

Top Quizzes Today


Score Distribution

Your Account Isn't Verified!

In order to create a playlist on Sporcle, you need to verify the email address you used during registration. Go to your Sporcle Settings to finish the process.

Report this User

Report this user for behavior that violates our Community Guidelines.

Details: